<?xml version="1.0" encoding="UTF-8"?><?xml-stylesheet type="text/xsl" href="static/style.xsl"?><OAI-PMH xmlns="http://www.openarchives.org/OAI/2.0/" xmlns:xsi="http://www.w3.org/2001/XMLSchema-instance" xsi:schemaLocation="http://www.openarchives.org/OAI/2.0/ http://www.openarchives.org/OAI/2.0/OAI-PMH.xsd"><responseDate>2026-04-17T03:20:23Z</responseDate><request verb="GetRecord" identifier="oai:www.recercat.cat:20.500.14342/2903" metadataPrefix="marc">https://recercat.cat/oai/request</request><GetRecord><record><header><identifier>oai:recercat.cat:20.500.14342/2903</identifier><datestamp>2026-01-22T02:32:31Z</datestamp><setSpec>com_2072_482405</setSpec><setSpec>com_2072_183628</setSpec><setSpec>col_2072_482415</setSpec></header><metadata><record xmlns="http://www.loc.gov/MARC21/slim" xmlns:dcterms="http://purl.org/dc/terms/" xmlns:xsi="http://www.w3.org/2001/XMLSchema-instance" xmlns:doc="http://www.lyncode.com/xoai" xsi:schemaLocation="http://www.loc.gov/MARC21/slim http://www.loc.gov/standards/marcxml/schema/MARC21slim.xsd">
   <leader>00925njm 22002777a 4500</leader>
   <datafield ind2=" " ind1=" " tag="042">
      <subfield code="a">dc</subfield>
   </datafield>
   <datafield ind2=" " ind1=" " tag="720">
      <subfield code="a">Alsina-Pagès, Rosa Ma</subfield>
      <subfield code="e">author</subfield>
   </datafield>
   <datafield ind2=" " ind1=" " tag="720">
      <subfield code="a">Badia, David</subfield>
      <subfield code="e">author</subfield>
   </datafield>
   <datafield ind2=" " ind1=" " tag="720">
      <subfield code="a">Bergada, Pau</subfield>
      <subfield code="e">author</subfield>
   </datafield>
   <datafield ind2=" " ind1=" " tag="720">
      <subfield code="a">Hervás, Marcos</subfield>
      <subfield code="e">author</subfield>
   </datafield>
   <datafield ind2=" " ind1=" " tag="720">
      <subfield code="a">Orga, Ferran</subfield>
      <subfield code="e">author</subfield>
   </datafield>
   <datafield ind2=" " ind1=" " tag="720">
      <subfield code="a">Pijoan, Joan Lluis</subfield>
      <subfield code="e">author</subfield>
   </datafield>
   <datafield ind2=" " ind1=" " tag="720">
      <subfield code="a">Regué, Joan Ramon</subfield>
      <subfield code="e">author</subfield>
   </datafield>
   <datafield ind2=" " ind1=" " tag="720">
      <subfield code="a">Salvador Marín, Martí</subfield>
      <subfield code="e">author</subfield>
   </datafield>
   <datafield ind2=" " ind1=" " tag="260">
      <subfield code="c">2015</subfield>
   </datafield>
   <datafield ind2=" " ind1=" " tag="520">
      <subfield code="a">The geophysical observatory in the Antarctic Spanish Station Juan Carlos I (BAE), on Livingston Island (62.6S, 60.4W), has been monitoring the magnetic field in the Antarctic region for more than fifteen years. In 2004, a vertical incidence ionospheric sounder was incorporated to the observatory, which brings a significant added value in a region with low density of geophysical data. A High Frequency (HF) communications system was installed in 2004 in order to transmit the geomagnetic station recordings throughout the year, due to the fact that the BAE is only accessible during the austral summer. As the power supply is very limited when the station is not accessible, we had to design a low-power HF transceiver with a very simple antenna, due to environmental restrictions. Moreover, the flow of information is unidirectional, so the modulation has to be extremely robust since there is no retransmission in case of error. This led us to study the main parameters of the ionospheric channel (Signal to Noise Ratio -SNR-, delay spread, Doppler spread and availability) with narrowband and wideband soundings, and the design of modulations specially adapted to very low SNR scenarios with high levels of interference. In this poster, a review of the design of our remote geophysical observatory and associated transmission system from Antarctica to Spain (12760 km) during the last decade is presented.</subfield>
   </datafield>
   <datafield ind1="8" ind2=" " tag="024">
      <subfield code="a">http://hdl.handle.net/20.500.14342/2903</subfield>
   </datafield>
   <datafield ind1="8" ind2=" " tag="024">
      <subfield code="a">http://doi.org/10.3390/ecrs-1-h003</subfield>
   </datafield>
   <datafield tag="653" ind2=" " ind1=" ">
      <subfield code="a">Ionosfera</subfield>
   </datafield>
   <datafield tag="653" ind2=" " ind1=" ">
      <subfield code="a">Telecomunicacions</subfield>
   </datafield>
   <datafield ind2="0" ind1="0" tag="245">
      <subfield code="a">Remote Sensor Data Transmission from Antarctica to Spain with a Long-Haul HF Ionospheric Link</subfield>
   </datafield>
</record></metadata></record></GetRecord></OAI-PMH>